00363nam a22000977a 4500999001900000100002800019245006000047260003800107300000900145952011100154 c516294d516294 aSurya Foundation922781 aJustice : bWhen - how - at what costcSurya Foundation aNew DelhibSurya Foundationc1996 a15p. 00102ddc406TNC_HX54_SU3670aIIPAbIIPAd2021-02-23oTNC Hx54 Su36pGR23135r2021-02-23w2021-02-23yGR